000 00573 a2200205 4500
005 20260511102652.0
008 260511b |||||||| |||| 00| 0 eng d
020 _a9789351711346
_cRs. 2100.00
040 _aMAIN
082 _a954.025
_bN62M
100 _aNina Kumari
245 _aMadhyakaleen Bhartiya samaj evam sanskriti: (1600- 1700 european drshtikon se)
260 _bResearch India Press
_c2025
_aNew Delhi
300 _axxii, 339
650 _aHistory
650 _aHistory of India
650 _aMedieval India
650 _aMughal Period
942 _cBK
999 _c394831
_d394831